| 000 | 00394nam a2200157 a 4500 | ||
|---|---|---|---|
| 082 | 0 | 0 |
_a227.09 _bHUD |
| 100 | _aHudson, D F | ||
| 245 | _aLife and Letters of Saint Paul. | ||
| 260 |
_aLondon _bHodder & Stoughton _c1962 |
||
| 300 | _a128p | ||
| 500 | _aincludes index and biblioraphy | ||
| 505 | 2 | _aBibliography | |
| 650 | _aSaints-Christianity-St.Paul | ||
| 700 | 1 | _aHudson, D F | |
| 942 | _cBK | ||
| 999 |
_c5516 _d5516 |
||